Metrovalencia - Estadísticas

Estadísticas generales
  • Esta prueba ha sido intentada 55 veces
  • La puntuación promedio es 51 de 150
Estadísticas de respuestas
Línia 1 % Correcto
Àngel Guimerà
96%
Xàtiva
92%
Aragó
88%
Colón
88%
Torrent
88%
Alameda
83%
Amistat
83%
Marítim
83%
Ayora
79%
Benimaclet
79%
Burjassot
79%
Jesús
79%
Campanar
75%
Empalme
75%
Paiporta
75%
Picanya
75%
Patraix
71%
Picassent
71%
Safranar
71%
Túria
71%
Aeroport
67%
Bétera
67%
Mislata
67%
Paterna
67%
València Sud
67%
Castelló
63%
Rafelbunyol
63%
Torrent Avinguda
63%
Alboraia Peris Aragó
58%
Bailén
58%
Beniferri
58%
Llíria
58%
Manises
58%
Nou d'Octubre
58%
Sant Isidre
58%
Alacant
54%
Quart de Poblet
54%
Av. del Cid
50%
Godella
50%
Plaça Espanya
50%
Carlet
46%
Facultats Manuel Broseta
46%
La Carrasca
46%
L'Eliana
46%
Machado
46%
Beteró
42%
Cabanyal
42%
Pont de Fusta
42%
Benimàmet
38%
L'Alcúdia
38%
Marxalenes
38%
Massamagrell
38%
Meliana
38%
Mislata Almassil
38%
Seminari-Ceu
38%
Alberic
33%
Benaguasil
33%
Benicalap
33%
Burjassot - Godella
33%
Riba-Roja de Túria
33%
Dr. Lluch
33%
Mas del Rosari
33%
Reus
33%
Roses
33%
Alginet
29%
Faitanar
29%
Foios
29%
La Coma
29%
Moncada
29%
Neptú
29%
Orriols
29%
Tossal del Rei
29%
Trinitat
29%
Albalat dels Sorells
25%
Alboraia Palmaret
25%
Almàssera
25%
Benimodo
25%
Campament
25%
El Clot
25%
La Cadena
25%
Massalavés
25%
Massarrojos
25%
Museros
25%
Russafa
25%
Salt de l'Aigua
25%
Trànsits
25%
Ausiàs March
21%
Campus
21%
Estadi Ciutat de València
21%
Fira València
21%
La Canyada
21%
Oceanogràfic
21%
Platja Malva-rosa
21%
Sagunt
21%
Sant Joan
21%
U. Politècnica
21%
V. A. Estellés
21%
V. Zaragozá
21%
À Punt
17%
Col·legi El Vedat
17%
Horta Vella
17%
Moncada - Alfara
17%
Entrepins
17%
Garbí
17%
La Granja
17%
La Pobla de Farnals
17%
Masia de Traver
17%
Natzaret
17%
Platja les Arenes
17%
Quatre Carreres
17%
Realón
17%
Rocafort
17%
Tarongers Ernest Lluch
17%
Alfauir
13%
Cantereria
13%
Espioca
13%
Florista
13%
Fuente del Jarro
13%
Grau
13%
La Pobla de Vallbona
13%
Masies
13%
Montesol
13%
Montortal
13%
Omet
13%
Palau de Congressos
13%
Parc Científic
13%
Sant Miquel dels Reis
13%
Sant Ramon
13%
Canyamelar
8%
Ciutat Arts i Ciències - Justícia
8%
Font Almaguer
8%
Francesc Cubell
8%
Grau La Marina
8%
La Cova
8%
La Presa
8%
Lloma Llarga Terramelar
8%
Santa Rita
8%
Tomás y Valiente
8%
València la Vella
8%
Alfara
4%
Amado Granell Montolivet
4%
Fonde de Benaguasil
4%
Font del Barranc
4%
Francesc Cubells
4%
Gallipont
4%
La Vallesa
4%
Les Carolines - Fira
4%
Moreres
4%
Torre de Virrei
4%
Gallipont - Torre del Virrei
0%
No se encontraron pruebas coincidentes
Distribución de puntuación
Porcentaje de gente con cada puntuación
Porcentaje por número respondido
Historial de tus puntuaciones
No has intentado esta prueba.